[Event "Pardubice Czech op-A 26th"]
[Site "Pardubice"]
[Date "2015.07.27"]
[Round "4"]
[White "Roeder, Mathias"]
[Black "Okun, Leonid"]
[Result "1-0"]
[WhiteElo "2411"]
[BlackElo "2277"]
[PlyCount "199"]
[EventDate "2015.07.24"]
[EventType "swiss"]
[EventRounds "9"]
[EventCountry "CZE"]
[SourceTitle "CBM 167 Extra"]
[Source "ChessBase"]
[SourceDate "2015.09.14"]
[SourceVersion "1"]
[SourceVersionDate "2015.09.14"]
[SourceQuality "1"]

1. Nf3 d5 2. d4 e6 3. g3 c5 4. Bg2 Nf6 5. 0-0 Nc6 6. c4 cxd4 7. cxd5 exd5 8. Nxd4 Be6 9. Nc3 Be7 10. Qa4 Qd7 11. Nxe6 fxe6 12. Bg5 h6 13. Bxf6 Bxf6 14. Rad1 0-0 15. Bh3 Qe7 16. e4 d4 17. Ne2 e5 18. Nc1 a6 19. Qc4+ Kh8 20. Nd3 Qd6 21. Qe6 Qc7 22. Rc1 Qb6 23. Rc2 a5 24. a3 a4 25. Bg4 Ra5 26. Qc4 Nd8 27. Qb4 Qxb4 28. axb4 Ra8 29. Ra1 Nf7 30. Be6 Nd6 31. Bd5 Rfc8 32. Rxc8+ Rxc8 33. Rxa4 Rc2 34. f4 exf4 35. e5 Bxe5 36. Nxe5 fxg3 37. hxg3 g5 38. g4 Rxb2 39. Nc4 Nxc4 40. Bxc4 Kg7 41. b5 Kf6 42. Bf1 Ke5 43. Ra8 Rb3 44. Rb8 Kf4 45. Rxb7 Kxg4 46. Rd7 Rb4 47. Rh7 Rb1 48. Kf2 Rb2+ 49. Be2+ Kf4 50. Ke1 Ke3 51. Re7+ Kf4 52. Rf7+ Ke4 53. Kd1 h5 54. Re7+ Kf4 55. Kc1 Rb4 56. Bxh5 Rxb5 57. Be2 Re5 58. Rf7+ Rf5 59. Rd7 Ke3 60. Re7+ Kf4 61. Kd2 g4 62. Kd3 Re5 63. Rg7 Re3+ 64. Kd2 Rg3 65. Ke1 Ke3 66. Re7+ Kf4 67. Kf2 Ra3 68. Rf7+ Ke4 69. Bxg4 Ra2+ 70. Ke1 Rh2 71. Be2 Rh4 72. Kd2 Rh2 73. Re7+ Kd5 74. Re8 Rg2 75. Rh8 Rg3 76. Rh2 Ra3 77. Rh5+ Ke4 78. Bc4 Rc3 79. Rh4+ Ke5 80. Bd3 Ra3 81. Rh5+ Kd6 82. Bc4 Rg3 83. Rd5+ Kc6 84. Rxd4 Kc5 85. Rh4 Rg2+ 86. Kc3 Rg3+ 87. Bd3 Kd6 88. Kd4 Ke7 89. Rh6 Kf7 90. Bf5 Kg7 91. Ra6 Rb3 92. Ke5 Rb7 93. Be6 Rc7 94. Ra1 Rc5+ 95. Bd5 Rc7 96. Rg1+ Kh8 97. Kf6 Ra7 98. Rb1 Ra6+ 99. Be6 Ra7 100. Rb8+ 1-0

[Event "Pardubice Czech op-A 26th"]
[Site "Pardubice"]
[Date "2015.07.25"]
[Round "2"]
[White "Arat, Ufuk Sezen"]
[Black "Okun, Leonid"]
[Result "1-0"]
[WhiteElo "2409"]
[BlackElo "2277"]
[PlyCount "103"]
[EventDate "2015.07.24"]
[EventType "swiss"]
[EventRounds "9"]
[EventCountry "CZE"]
[SourceTitle "CBM 167 Extra"]
[Source "ChessBase"]
[SourceDate "2015.09.14"]
[SourceVersion "1"]
[SourceVersionDate "2015.09.14"]
[SourceQuality "1"]

1. d4 e6 2. c4 f5 3. Nf3 Nf6 4. g3 c6 5. Bg2 d5 6. 0-0 Bd6 7. b3 Qe7 8. Nc3 Nbd7 9. Qc2 Ne4 10. Bb2 0-0 11. e3 g5 12. Ne2 Qg7 13. a4 g4 14. Ne1 Ng5 15. Ba3 Bxa3 16. Rxa3 Qe7 17. Ra1 a5 18. Nf4 Kh8 19. Ned3 b6 20. Rfc1 Ba6 21. h4 gxh3 22. Nxh3 Nxh3+ 23. Bxh3 Rac8 24. Nf4 Qf6 25. cxd5 cxd5 26. Qb2 Nb8 27. Qa3 Rcd8 28. Rc7 Rf7 29. Rac1 Kg8 30. Bg2 Rdd7 31. R7c3 Rf8 32. Rc7 Rff7 33. Rxd7 Rxd7 34. Bf1 Bxf1 35. Kxf1 Kf7 36. Rc8 Rd8 37. Rc7+ Rd7 38. Rc8 Rd8 39. Qc1 Qe7 40. Rc7 Rd7 41. Rc2 Na6 42. Qd1 Rc7 43. Kg2 Ke8 44. Re2 Rc6 45. Re1 Nc7 46. Rh1 Kd7 47. Rh4 Kc8 48. Rh6 Rc3 49. Qh5 Rxb3 50. Nxe6 Nxe6 51. Qxf5 Rc3 52. Rxe6 1-0

[Event "Suzdal Vladimir IM"]
[Site "Suzdal"]
[Date "2013.08.23"]
[Round "9"]
[White "Shariafetdinov, Albert"]
[Black "Okun, Leonid"]
[Result "0-1"]
[WhiteElo "2132"]
[BlackElo "2230"]
[PlyCount "64"]
[EventDate "2013.08.15"]
[EventType "tourn"]
[EventRounds "9"]
[EventCountry "RUS"]
[EventCategory "2"]
[SourceTitle "EXT 2018"]
[Source "ChessBase"]
[SourceDate "2017.10.13"]
[SourceVersion "1"]
[SourceVersionDate "2017.10.13"]
[SourceQuality "1"]

1. Nf3 g6 2. d4 Bg7 3. Bf4 f5 4. c4 d6 5. Nc3 Nf6 6. e3 0-0 7. Be2 c6 8. Qc2 h6 9. h3 Na6 10. Rd1 Qe8 11. Bh2 g5 12. a3 Ne4 13. Nxe4 fxe4 14. Nd2 Bf5 15. b4 c5 16. dxc5 dxc5 17. b5 Nb8 18. Bg4 Bg6 19. Be6+ Kh8 20. Nxe4 a6 21. a4 axb5 22. cxb5 b6 23. 0-0 Ra7 24. f4 gxf4 25. Rxf4 Nd7 26. Rxd7 Rxd7 27. Rxf8+ Bxf8 28. Bxd7 Qxd7 29. Nf6 Qe8 30. Ne4 Qa8 31. Qb2+ Bg7 32. Nc3 Qa5 0-1

[Event "Suzdal Vladimir IM"]
[Site "Suzdal"]
[Date "2013.08.22"]
[Round "7"]
[White "Savosto, Petr"]
[Black "Okun, Leonid"]
[Result "0-1"]
[WhiteElo "2256"]
[BlackElo "2230"]
[PlyCount "120"]
[EventDate "2013.08.15"]
[EventType "tourn"]
[EventRounds "9"]
[EventCountry "RUS"]
[EventCategory "2"]
[SourceTitle "EXT 2018"]
[Source "ChessBase"]
[SourceDate "2017.10.13"]
[SourceVersion "1"]
[SourceVersionDate "2017.10.13"]
[SourceQuality "1"]

1. d4 c5 2. d5 f5 3. g4 fxg4 4. h3 d6 5. hxg4 Bxg4 6. Qd3 Nf6 7. Bg5 Qa5+ 8. Nc3 Nbd7 9. f3 Bh5 10. e4 a6 11. Qd2 g6 12. Be2 b5 13. Nh3 Bg7 14. Nf4 0-0 15. Ne6 Rf7 16. Bh6 Bxh6 17. Qxh6 b4 18. Nd1 b3+ 19. Nc3 bxc2 20. Kd2 Rb8 21. Kxc2 Ne5 22. Ng5 Bxf3 23. Bxf3 Nxf3 24. Nxf7 Nd4+ 25. Kd3 c4+ 26. Kxc4 Qc5+ 27. Kd3 Nb5 28. Qe3 Qxe3+ 29. Kxe3 Kxf7 30. Nxb5 Rxb5 31. b3 Rb4 32. Rac1 Rxe4+ 33. Kd3 Re5 34. Kc4 h5 35. Rcd1 Ng4 36. Kd4 Ne3 37. Rc1 Nxd5 38. Rhe1 Rf5 39. Rf1 Nf4 40. Ke3 g5 41. b4 Re5+ 42. Kf3 Re2 43. Rg1 Kf6 44. Rc8 Rxa2 45. Rf8+ Kg7 46. Ra8 Ne6 47. b5 g4+ 48. Ke3 Ra3+ 49. Kd2 Nd4 50. Rb1 Rb3 51. Rh1 Rxb5 52. Rxa6 Kg6 53. Ra8 Nf5 54. Rg8+ Ng7 55. Ke3 Rf5 56. Ke4 d5+ 57. Ke3 e5 58. Ra1 Rf3+ 59. Ke2 Kh7 60. Rd8 d4 0-1

[Event "Suzdal Vladimir IM"]
[Site "Suzdal"]
[Date "2013.08.20"]
[Round "4"]
[White "Okun, Leonid"]
[Black "Odnorozhenko, Evgenyi"]
[Result "1-0"]
[WhiteElo "2230"]
[BlackElo "2264"]
[PlyCount "35"]
[EventDate "2013.08.15"]
[EventType "tourn"]
[EventRounds "9"]
[EventCountry "RUS"]
[EventCategory "2"]
[SourceTitle "EXT 2018"]
[Source "ChessBase"]
[SourceDate "2017.10.13"]
[SourceVersion "1"]
[SourceVersionDate "2017.10.13"]
[SourceQuality "1"]

1. d4 d5 2. c4 e6 3. Nc3 c5 4. cxd5 exd5 5. Nf3 Nc6 6. e3 Nf6 7. Bb5 a6 8. Bxc6+ bxc6 9. 0-0 Bd6 10. dxc5 Bxc5 11. b3 0-0 12. Bb2 Bg4 13. Ne2 Re8 14. Rc1 Ne4 15. Nf4 Rc8 16. Rxc5 Nxc5 17. Qd4 f6 18. Qxc5 1-0

[Event "Suzdal Vladimir IM"]
[Site "Suzdal"]
[Date "2013.08.19"]
[Round "2"]
[White "Okun, Leonid"]
[Black "Terentjev, Vladislav"]
[Result "1-0"]
[WhiteElo "2230"]
[BlackElo "2295"]
[PlyCount "87"]
[EventDate "2013.08.15"]
[EventType "tourn"]
[EventRounds "9"]
[EventCountry "RUS"]
[EventCategory "2"]
[SourceTitle "EXT 2018"]
[Source "ChessBase"]
[SourceDate "2017.10.13"]
[SourceVersion "1"]
[SourceVersionDate "2017.10.13"]
[SourceQuality "1"]

1. c4 c5 2. Nf3 Nc6 3. Nc3 e5 4. g3 g6 5. Bg2 Bg7 6. 0-0 Nge7 7. Ne1 d6 8. Nc2 0-0 9. Ne3 Rb8 10. Ned5 a6 11. d3 b5 12. Nxe7+ Nxe7 13. Nd5 Be6 14. Qc2 Nf5 15. e3 h5 16. h3 Qd7 17. Rb1 Nh6 18. Kh2 f5 19. f4 Qd8 20. Qf2 e4 21. dxe4 bxc4 22. exf5 Nxf5 23. Qc2 Bd7 24. Rd1 Qa5 25. Bf1 Ba4 26. b3 cxb3 27. axb3 Bb5 28. Bxb5 Qxb5 29. g4 hxg4 30. hxg4 Nh4 31. Kg3 g5 32. fxg5 Rf3+ 33. Kxh4 Rb7 34. Qg2 Be5 35. g6 Qe8 36. Qxf3 Qxg6 37. Nf4 Rh7+ 38. Kg3 Qxb1 39. Qa8+ Kg7 40. Qb7+ Kf6 41. Qxa6 Bxf4+ 42. exf4 Re7 43. Qxd6+ Kf7 44. Qd5+ 1-0

[Event "Thessaloniki Triandria op 2nd"]
[Site "Thessaloniki"]
[Date "2009.04.28"]
[Round "2"]
[White "Okun, Leonid"]
[Black "Bagaturov, Giorgi"]
[Result "0-1"]
[WhiteElo "2272"]
[BlackElo "2467"]
[PlyCount "66"]
[EventDate "2009.04.27"]
[EventType "swiss"]
[EventRounds "9"]
[EventCountry "GRE"]
[SourceTitle "CBM 130 Extra"]
[Source "ChessBase"]
[SourceDate "2009.07.02"]
[SourceVersion "2"]
[SourceVersionDate "2009.07.15"]
[SourceQuality "1"]

1. Nf3 Nf6 2. c4 e6 3. g3 d5 4. Bg2 Be7 5. 0-0 0-0 6. b3 b6 7. Bb2 Bb7 8. Ne5 Nbd7 9. f4 c6 10. e3 Qc7 11. d4 Ne4 12. Nc3 Nxc3 13. Bxc3 Nf6 14. cxd5 cxd5 15. Rc1 Rac8 16. Bb2 Qd6 17. Rf2 Rxc1 18. Qxc1 Rc8 19. Rc2 Rxc2 20. Qxc2 Ne8 21. Bf1 f6 22. Bd3 fxe5 23. dxe5 Qc6 24. Bxh7+ Kh8 25. Qg6 Ba6 26. Bd4 Be2 27. Kf2 Bg4 28. Qb1 Nc7 29. Bg6 Qa8 30. Bf7 Bf5 31. Qd1 g6 32. Qc1 Qf8 33. Qxc7 Qxf7 0-1

[Event "Moscow op-B"]
[Site "Moscow"]
[Date "2009.02.03"]
[Round "4"]
[White "Okun, Leonid"]
[Black "Kapov, Albert"]
[Result "1-0"]
[WhiteElo "2277"]
[BlackElo "2176"]
[PlyCount "137"]
[EventDate "2009.01.31"]
[EventType "swiss"]
[EventRounds "9"]
[EventCountry "RUS"]
[SourceTitle "EXT 2012"]
[Source "ChessBase"]
[SourceDate "2011.11.24"]
[SourceVersion "1"]
[SourceVersionDate "2011.11.24"]
[SourceQuality "1"]

1. c4 Nf6 2. Nf3 c6 3. b3 g6 4. Bb2 Bg7 5. e3 0-0 6. Be2 d5 7. 0-0 Nbd7 8. Qc2 Re8 9. d4 Ne4 10. Bd3 f5 11. Nc3 e6 12. Rad1 b6 13. Ne2 Bb7 14. Nf4 Rc8 15. Be2 Qe7 16. Rc1 Red8 17. Rfd1 g5 18. Nh5 Bh8 19. Ne5 Ndf6 20. f3 Nd6 21. Nxf6+ Bxf6 22. c5 Nf7 23. f4 g4 24. a4 Qc7 25. Ba3 Be7 26. Qc3 Kf8 27. Bb4 Re8 28. Qc2 Nh6 29. Rf1 Kg7 30. Kh1 Bf6 31. Qd2 Ng8 32. cxb6 axb6 33. a5 Be7 34. axb6 Qxb6 35. Ba5 Qa7 36. Ra1 Qb8 37. Bb6 Bd8 38. Bc5 Nf6 39. Bd3 Be7 40. Qb4 Bxc5 41. Qxc5 Rc7 42. Ra7 Ree7 43. Rfa1 Qc8 44. Kg1 Ne8 45. Qa5 Nd6 46. Qe1 h6 47. Qh4 Qe8 48. h3 gxh3 49. Qxh3 c5 50. g4 c4 51. bxc4 dxc4 52. Bc2 Be4 53. Rxc7 Rxc7 54. Bxe4 fxe4 55. g5 hxg5 56. fxg5 Nf5 57. d5 Qh8 58. Qg4 Qh4 59. Qxh4 Nxh4 60. d6 Rc8 61. Ra7+ Kf8 62. Nd7+ Kg8 63. Nf6+ Kf8 64. Rh7 Ng6 65. Nxe4 Rd8 66. Kf1 Kg8 67. Rc7 Ne5 68. Ke2 Nf7 69. g6 1-0

[Event "Moscow op-B"]
[Site "Moscow"]
[Date "2009.02.01"]
[Round "3"]
[White "Natacheev, Peter"]
[Black "Okun, Leonid"]
[Result "0-1"]
[WhiteElo "2179"]
[BlackElo "2277"]
[PlyCount "94"]
[EventDate "2009.01.31"]
[EventType "swiss"]
[EventRounds "9"]
[EventCountry "RUS"]
[SourceTitle "EXT 2012"]
[Source "ChessBase"]
[SourceDate "2011.11.24"]
[SourceVersion "1"]
[SourceVersionDate "2011.11.24"]
[SourceQuality "1"]

1. e4 d6 2. d4 Nf6 3. Bd3 g6 4. Ne2 Bg7 5. 0-0 0-0 6. c3 c5 7. Nd2 Qc7 8. h3 Nc6 9. Bb1 cxd4 10. cxd4 Bd7 11. Nf3 Rac8 12. Nc3 e5 13. dxe5 dxe5 14. Be3 Rfd8 15. Qe2 Be6 16. Rd1 Rxd1+ 17. Qxd1 Rd8 18. Qa4 a6 19. Ng5 Bc8 20. Qb3 Nd4 21. Bxd4 exd4 22. Ne2 h6 23. Nf3 Be6 24. Qd1 Qb6 25. Bd3 Nd7 26. Nf4 Nc5 27. Nxe6 Qxe6 28. Qc2 Rc8 29. Rc1 Rc6 30. Qxc5 Rxc5 31. Rxc5 Qxa2 32. e5 b5 33. Be4 d3 34. Bxd3 Qa1+ 35. Kh2 Qxb2 36. e6 fxe6 37. Bxg6 Bf8 38. Rc6 Qf6 39. Bh5 a5 40. Bg4 a4 41. Rxe6 Qb2 42. Ra6 Qxf2 43. Rf6 Kg7 44. Re6 a3 45. Bf5 a2 46. Rg6+ Kh8 47. Ra6 Bd6+ 0-1

[Event "Voronezh op-A 11th"]
[Site "Voronezh"]
[Date "2007.06.18"]
[Round "6"]
[White "Podkopaev, Mikhail"]
[Black "Okun, Leonid"]
[Result "0-1"]
[WhiteElo "2161"]
[BlackElo "2370"]
[PlyCount "68"]
[EventDate "2007.06.12"]
[EventType "swiss"]
[EventRounds "9"]
[EventCountry "RUS"]
[SourceTitle "CBM 118 Extra"]
[Source "ChessBase"]
[SourceDate "2007.07.04"]
[SourceVersion "1"]
[SourceVersionDate "2007.07.04"]
[SourceQuality "1"]

1. e4 g6 2. g3 Bg7 3. Bg2 e5 4. Nc3 Ne7 5. Nge2 0-0 6. 0-0 c6 7. d3 d5 8. f4 d4 9. Nb1 f6 10. Nd2 Na6 11. Nf3 c5 12. fxe5 fxe5 13. Bg5 h6 14. Bd2 Be6 15. a3 Kh7 16. h3 c4 17. g4 Nc5 18. Bb4 Qb6 19. Qd2 a5 20. Bxc5 Qxc5 21. Kh2 Rac8 22. Ng3 a4 23. Rfe1 c3 24. bxc3 dxc3 25. Qe2 Nc6 26. Rab1 Rc7 27. Rf1 Rcf7 28. Kh1 Nd4 29. Qe3 Qd6 30. Ne1 Bf6 31. Qc1 Bh4 32. Rxf7+ Rxf7 33. Kh2 Bxg3+ 34. Kxg3 Ne2+ 0-1

[Event "Voronezh op-A 11th"]
[Site "Voronezh"]
[Date "2007.06.14"]
[Round "3"]
[White "Okun, Leonid"]
[Black "Zaletov, Yuri"]
[Result "0-1"]
[WhiteElo "2370"]
[BlackElo "2129"]
[PlyCount "41"]
[EventDate "2007.06.12"]
[EventType "swiss"]
[EventRounds "9"]
[EventCountry "RUS"]
[SourceTitle "CBM 118 Extra"]
[Source "ChessBase"]
[SourceDate "2007.07.04"]
[SourceVersion "1"]
[SourceVersionDate "2007.07.04"]
[SourceQuality "1"]

1. c4 e5 2. g3 c6 3. Bg2 d5 4. Qc2 Nf6 5. d3 Be6 6. Nd2 Qb6 7. Ngf3 Nbd7 8. 0-0 Be7 9. a3 a5 10. b3 0-0 11. Bb2 d4 12. Rfe1 Rae8 13. e3 c5 14. h3 h6 15. Re2 Bd6 16. Rae1 Bf5 17. Nh4 Be6 18. e4 Nh5 19. Bc1 g6 20. Nf1 Kg7 21. Qd1 0-1

[Event "Voronezh op-A 11th"]
[Site "Voronezh"]
[Date "2007.06.13"]
[Round "2"]
[White "Semenova, Irina"]
[Black "Okun, Leonid"]
[Result "1-0"]
[WhiteElo "2212"]
[BlackElo "2370"]
[PlyCount "69"]
[EventDate "2007.06.12"]
[EventType "swiss"]
[EventRounds "9"]
[EventCountry "RUS"]
[SourceTitle "CBM 118 Extra"]
[Source "ChessBase"]
[SourceDate "2007.07.04"]
[SourceVersion "1"]
[SourceVersionDate "2007.07.04"]
[SourceQuality "1"]

1. e4 c5 2. Nf3 Nc6 3. d4 cxd4 4. Nxd4 Nf6 5. f3 g6 6. c4 Bg7 7. Be3 Qb6 8. Nf5 Qxb2 9. Nxg7+ Kf8 10. Bh6 Qxa1 11. Ne6+ Kg8 12. Nc7 Rb8 13. Nd5 Nxd5 14. cxd5 Ne5 15. d6 e6 16. Be2 f6 17. Be3 Qxa2 18. 0-0 Kg7 19. f4 Nf7 20. g4 b5 21. g5 fxg5 22. Qd4+ e5 23. fxe5 Qxe2 24. e6+ Kh6 25. Rxf7 Qg4+ 26. Kh1 Qxe6 27. Re7 Qh3 28. Nd2 Bb7 29. Re5 Qg4 30. Bxg5+ Qxg5 31. Rxg5 Kxg5 32. Nf3+ Kf4 33. Kg2 Rbe8 34. Kf2 Rhf8 35. Qe3+ 1-0

[Event "Voronezh op-A 11th"]
[Site "Voronezh"]
[Date "2007.06.12"]
[Round "1"]
[White "Okun, Leonid"]
[Black "Savchenko, Boris"]
[Result "0-1"]
[WhiteElo "2370"]
[BlackElo "2583"]
[PlyCount "102"]
[EventDate "2007.06.12"]
[EventType "swiss"]
[EventRounds "9"]
[EventCountry "RUS"]
[SourceTitle "CBM 118 Extra"]
[Source "ChessBase"]
[SourceDate "2007.07.04"]
[SourceVersion "1"]
[SourceVersionDate "2007.07.04"]
[SourceQuality "1"]

1. c4 e6 2. Nf3 d5 3. g3 Nf6 4. Bg2 dxc4 5. Qa4+ Nbd7 6. 0-0 a6 7. Qxc4 b5 8. Qc2 Bb7 9. d3 Be7 10. Nc3 0-0 11. a4 b4 12. Nd1 c5 13. Ne3 Rc8 14. Nc4 Nb6 15. Rd1 Nfd7 16. e4 Nb8 17. Na5 Ba8 18. Be3 Bf6 19. Nb3 Bd4 20. Bxd4 cxd4 21. Qd2 Nc6 22. a5 Nd7 23. Nfxd4 Nxd4 24. Nxd4 Qe7 25. Rac1 Ne5 26. Nb3 f5 27. d4 Nd7 28. d5 Rxc1 29. Rxc1 fxe4 30. Bxe4 Bxd5 31. Bxd5 exd5 32. Qxd5+ Kh8 33. Nd4 Nf6 34. Qc5 Qf7 35. Ne6 Re8 36. Ng5 Qg6 37. Nh3 Qe4 38. Qc4 Qf5 39. Nf4 Qxa5 40. Qf7 Qe5 41. Rc7 Rg8 42. b3 Ne4 43. Qd7 Nd2 44. Kg2 Qe4+ 45. Kh3 Nf3 46. Rc8 h6 47. Rxg8+ Kxg8 48. Qc8+ Kh7 49. Qxa6 Ng1+ 50. Kg4 h5+ 51. Kh4 Qf5 0-1

[Event "Moscow Aeroflot op-C"]
[Site "Moscow"]
[Date "2006.02.14"]
[Round "8"]
[White "Karatorossian, David"]
[Black "Okun, Leonid"]
[Result "0-1"]
[WhiteElo "2332"]
[BlackElo "2370"]
[PlyCount "82"]
[EventDate "2006.02.07"]
[EventType "swiss"]
[EventRounds "9"]
[EventCountry "RUS"]
[SourceTitle "EXT 2007"]
[Source "ChessBase"]
[SourceDate "2006.11.23"]
[SourceVersion "1"]
[SourceVersionDate "2006.11.23"]
[SourceQuality "1"]

1. c4 e5 2. g3 Nc6 3. Bg2 Nf6 4. Nc3 g6 5. Nf3 Bg7 6. 0-0 0-0 7. d4 d6 8. e3 Re8 9. b3 e4 10. Nd2 Bf5 11. a3 h5 12. h3 Nb8 13. b4 Nbd7 14. c5 d5 15. c6 bxc6 16. Nb3 Nb6 17. Bd2 Nh7 18. Na5 Qd7 19. Kh2 Ng5 20. h4 Bg4 21. Ne2 Nf3+ 22. Bxf3 Bxf3 23. Qe1 Bf8 24. Ng1 Bd6 25. Nxf3 exf3 26. Rh1 Re6 27. Qf1 Nc8 28. Qh3 Ne7 29. Rhc1 Rb8 30. Kg1 Rb6 31. Rc2 Qe8 32. Rac1 Rf6 33. Be1 Nf5 34. Rc3 Bf8 35. Bd2 Bh6 36. R3c2 Re6 37. Qf1 Nxh4 38. gxh4 Re4 39. Qh3 Rg4+ 40. Kf1 Qe4 41. Rc3 Rxh4 0-1

[Event "Moscow Aeroflot op-C"]
[Site "Moscow"]
[Date "2006.02.08"]
[Round "2"]
[White "Vuilleumier, Alexandre"]
[Black "Okun, Leonid"]
[Result "1-0"]
[WhiteElo "2354"]
[BlackElo "2370"]
[PlyCount "64"]
[EventDate "2006.02.07"]
[EventType "swiss"]
[EventRounds "9"]
[EventCountry "RUS"]
[SourceTitle "EXT 2007"]
[Source "ChessBase"]
[SourceDate "2006.11.23"]
[SourceVersion "1"]
[SourceVersionDate "2006.11.23"]
[SourceQuality "1"]

1. e4 c5 2. Nf3 g6 3. c3 Bg7 4. Bc4 d6 5. 0-0 Nc6 6. d4 Nf6 7. d5 Nb8 8. Re1 0-0 9. h3 Nbd7 10. Bf4 Ne8 11. Nbd2 Nc7 12. a4 a6 13. Qc2 b6 14. Bf1 Rb8 15. Nc4 f6 16. Nfd2 Rf7 17. Bg3 f5 18. exf5 gxf5 19. Nf3 h6 20. Bxd6 exd6 21. Nxd6 Rf6 22. Nxf5 Nf8 23. Ne7+ Kh8 24. Nc6 Qxd5 25. Nxb8 Qb7 26. Nxa6 Nxa6 27. Rad1 Nb8 28. Qe4 Qc7 29. Qe7 Nbd7 30. Ne5 Kg8 31. Bc4+ Kh7 32. Ng4 Rf4 1-0

[Event "RUS Central Region-chT club"]
[Site "Tula"]
[Date "2005.11.28"]
[Round "4"]
[White "Okun, Leonid"]
[Black "Smirnov, Alexander"]
[Result "1-0"]
[WhiteElo "2311"]
[BlackElo "2201"]
[PlyCount "75"]
[EventDate "2005.11.25"]
[EventType "team"]
[EventRounds "5"]
[EventCountry "RUS"]
[SourceTitle "CBM 109 Extra"]
[Source "ChessBase"]
[SourceDate "2006.01.03"]
[SourceVersion "2"]
[SourceVersionDate "2006.01.03"]
[SourceQuality "1"]

1. c4 e5 2. Nc3 Nf6 3. g3 c6 4. d3 d5 5. Nf3 d4 6. Nb1 Be7 7. Bg2 0-0 8. 0-0 Nfd7 9. e3 c5 10. Na3 Nc6 11. Nc2 f5 12. exd4 cxd4 13. Re1 a5 14. a3 Bf6 15. Rb1 a4 16. Nb4 Re8 17. Nd2 Nxb4 18. axb4 Qb6 19. Nf3 h6 20. b5 e4 21. Nd2 e3 22. Nf3 f4 23. gxf4 Nc5 24. fxe3 dxe3 25. Bxe3 Bf5 26. Bf2 Qd6 27. Ne5 Kh7 28. d4 Bxe5 29. fxe5 Qg6 30. dxc5 Rad8 31. Qc1 Rd3 32. Qf4 Red8 33. Qxf5 Qxf5 34. Be4 Kg6 35. e6 a3 36. bxa3 Rxa3 37. e7 Re8 38. c6 1-0

[Event "RUS Central Region-chT club"]
[Site "Tula"]
[Date "2005.11.27"]
[Round "3"]
[White "Okun, Leonid"]
[Black "Tishin, Petr"]
[Result "1/2-1/2"]
[WhiteElo "2311"]
[BlackElo "2418"]
[PlyCount "66"]
[EventDate "2005.11.25"]
[EventType "team"]
[EventRounds "5"]
[EventCountry "RUS"]
[SourceTitle "CBM 109 Extra"]
[Source "ChessBase"]
[SourceDate "2006.01.03"]
[SourceVersion "2"]
[SourceVersionDate "2006.01.03"]
[SourceQuality "1"]

1. g3 e5 2. c4 c5 3. Nc3 Nc6 4. Bg2 g6 5. d3 Bg7 6. Nf3 Nge7 7. Bd2 d6 8. Qc1 0-0 9. h4 h5 10. Bh6 f6 11. 0-0 Be6 12. Rb1 Rc8 13. Bxg7 Kxg7 14. Qd2 d5 15. cxd5 Nxd5 16. Rfc1 b6 17. a3 Qd7 18. Ne4 a5 19. Qd1 Rfd8 20. Ned2 Rb8 21. b3 Bg4 22. Nh2 Be6 23. Nc4 Nd4 24. Ne3 Nb5 25. Ra1 Ndc3 26. Qd2 Nxe2+ 27. Qxe2 Nd4 28. Qb2 Nxb3 29. Bf1 a4 30. Nf3 b5 31. Rab1 Nxc1 32. Rxc1 Rdc8 33. Be2 Bg4 1/2-1/2

[Event "RUS Central Region-chT club"]
[Site "Tula"]
[Date "2005.11.26"]
[Round "2"]
[White "Fomin, Andrey2222"]
[Black "Okun, Leonid"]
[Result "1-0"]
[WhiteElo "2294"]
[BlackElo "2311"]
[PlyCount "44"]
[EventDate "2005.11.25"]
[EventType "team"]
[EventRounds "5"]
[EventCountry "RUS"]
[SourceTitle "CBM 109 Extra"]
[Source "ChessBase"]
[SourceDate "2006.01.03"]
[SourceVersion "2"]
[SourceVersionDate "2006.01.03"]
[SourceQuality "1"]

1. e4 c5 2. c3 d6 3. d4 Nd7 4. Nf3 Qc7 5. Bf4 e5 6. Bg3 Ngf6 7. Nbd2 Be7 8. Be2 0-0 9. 0-0 a6 10. Re1 Re8 11. Bf1 b5 12. h3 Rb8 13. dxe5 dxe5 14. Nh2 c4 15. Ndf3 Bb7 16. Qc2 Nh5 17. Bh4 Nc5 18. Bxe7 Rxe7 19. g3 Nf6 20. Nd2 Ra8 21. Bg2 Nd3 22. Re2 Qc5 1-0

[Event "RUS Central Region-chT club"]
[Site "Tula"]
[Date "2005.11.25"]
[Round "1"]
[White "Okun, Leonid"]
[Black "Solovyov, Sergey V"]
[Result "1/2-1/2"]
[WhiteElo "2311"]
[BlackElo "2064"]
[PlyCount "48"]
[EventDate "2005.11.25"]
[EventType "team"]
[EventRounds "5"]
[EventCountry "RUS"]
[SourceTitle "CBM 109 Extra"]
[Source "ChessBase"]
[SourceDate "2006.01.03"]
[SourceVersion "2"]
[SourceVersionDate "2006.01.03"]
[SourceQuality "1"]

1. e4 e5 2. Nf3 Nf6 3. Nc3 d6 4. d4 Nbd7 5. Bc4 Be7 6. Bxf7+ Kxf7 7. Ng5+ Kg8 8. Ne6 Qe8 9. Nxc7 Qg6 10. Nxa8 Qxg2 11. Rf1 exd4 12. Qe2 Nc5 13. f3 Qh3 14. Nb5 Nfxe4 15. Nxd4 Bh4+ 16. Kd1 Nf6 17. Nc7 h6 18. Rg1 Kh7 19. b4 Nce4 20. Qg2 Qxg2 21. Rxg2 Bh3 22. Re2 Nc3+ 23. Kd2 Nxe2 24. Nxe2 Bd7 1/2-1/2

[Event "Voronezh op-B"]
[Site "Voronezh"]
[Date "2004.06.12"]
[Round "1"]
[White "Okun, Leonid"]
[Black "Shabanov, Gennadij S"]
[Result "1-0"]
[WhiteElo "2227"]
[BlackElo "1908"]
[PlyCount "42"]
[EventDate "2004.06.12"]
[EventType "swiss"]
[EventRounds "9"]
[EventCountry "RUS"]
[SourceTitle "EXT 2005"]
[Source "ChessBase"]
[SourceDate "2004.11.15"]
[SourceVersion "1"]
[SourceVersionDate "2004.11.15"]
[SourceQuality "1"]

1. c4 c6 2. Nf3 Nf6 3. b3 d5 4. Bb2 Bf5 5. d3 e6 6. Nbd2 Bd6 7. g3 Nbd7 8. Bg2 0-0 9. 0-0 Bg6 10. Nh4 Bh5 11. h3 a5 12. Qe1 Rc8 13. e4 Nc5 14. Qe3 dxc4 15. dxc4 e5 16. Nf5 Ne6 17. Nxd6 Qxd6 18. g4 Bg6 19. Nf3 Nd4 20. Nxd4 exd4 21. Bxd4 Rcd8 1-0

[Event "RUS Central Region-ch"]
[Site "Tula"]
[Date "2004.03.21"]
[Round "8"]
[White "Okun, Leonid"]
[Black "Tarasov, Igor"]
[Result "0-1"]
[WhiteElo "2227"]
[BlackElo "2289"]
[PlyCount "90"]
[EventDate "2004.03.14"]
[EventType "swiss"]
[EventRounds "9"]
[EventCountry "RUS"]
[SourceTitle "EXT 2005"]
[Source "ChessBase"]
[SourceDate "2004.11.15"]
[SourceVersion "1"]
[SourceVersionDate "2004.11.15"]
[SourceQuality "1"]

1. e4 e5 2. Nf3 Nc6 3. d4 exd4 4. c3 d5 5. exd5 Qxd5 6. cxd4 Bb4+ 7. Nc3 Nf6 8. Be2 Ne4 9. Bd2 Bxc3 10. bxc3 Nxd2 11. Qxd2 0-0 12. Rb1 a6 13. 0-0 b5 14. Qf4 Qd6 15. Qxd6 cxd6 16. a4 Bf5 17. Rb2 bxa4 18. Ra2 Ne7 19. Rxa4 Nd5 20. Rc1 a5 21. Nd2 Nb6 22. Ra3 d5 23. g4 Be6 24. f3 a4 25. Rb1 Rfb8 26. Rb4 Bd7 27. Kf2 Nc8 28. Rxb8 Rxb8 29. Bd1 Rb2 30. Bxa4 Bxa4 31. Rxa4 Rxd2+ 32. Ke3 Nb6 33. Rb4 Rb2 34. Rxb2 Nc4+ 35. Kf4 g5+ 36. Kf5 Nxb2 37. Ke5 Nd1 38. Kxd5 Nxc3+ 39. Ke5 Ne2 40. d5 Kf8 41. d6 h6 42. Kf6 Nd4 43. Ke5 Ne6 44. Kf6 Nd8 45. Kf5 Ne6 0-1